Songs from the First Line(s) - 1973 - Statistics

General Stats
  • This quiz has been taken 83 times
  • The average score is 15 of 30
Answer Stats
Hint Answer % Correct
Songs I shot the sheriff / But I didn't shoot no deputy, oh no, oh / I shot the sheriff / But I didn't shoot no deputy, ooh, ooh, ooh Song I Shot The Sheriff
92%
Songs Mem'ries light the corners of my mind / Misty water-colored memories of the way we were / Scattered pictures of the smiles we left behind Artist(s) Barbra Streisand
72%
Songs When are you gonna come down? / When are you going to land? / I should have stayed on the farm / I should have listened to my old man Artist(s) Elton John
70%
Songs Ooga-chaka, ooga-ooga / Ooga-chaka, ooga-ooga / I can't stop this feeling / Deep inside of me / Girl, you just don't realize Song Hooked On A Feeling
69%
Songs Mem'ries light the corners of my mind / Misty water-colored memories of the way we were / Scattered pictures of the smiles we left behind Song The Way We Were
69%
Songs I shot the sheriff / But I didn't shoot no deputy, oh no, oh / I shot the sheriff / But I didn't shoot no deputy, ooh, ooh, ooh Artist(s) Bob Marley and the Wailers
65%
Songs Goodbye to you my trusted friend / We've known each other since we were nine or ten / Together we've climbed hills and trees Song Seasons In The Sun
61%
Songs Woah! / Well, the South side of Chicago / Is the baddest part of town / And if you go down there / You better just beware Song Bad, Bad Leroy Brown
59%
Songs I'm comin' home, I've done my time / Now I've got to know what is and isn't mine / If you received my letter telling you I'd soon be free Song Tie A Yellow Ribbon Round The Ole Oak Tree
59%
Songs When are you gonna come down? / When are you going to land? / I should have stayed on the farm / I should have listened to my old man Song Goodbye Yellow Brick Road
58%
Songs Wherever you go / Wherever you may wander in your life / Surely you know / I always wanna be there / Holding your hand Artist(s) Olivia Newton-John
58%
Songs Hey, did you happen to see the most beautiful girl in the world? / And if you did was she cryin', cryin'? Song The Most Beautiful Girl
56%
Songs Goodbye to you my trusted friend / We've known each other since we were nine or ten / Together we've climbed hills and trees Artist(s) Terry Jacks
55%
Songs Woah! / Well, the South side of Chicago / Is the baddest part of town / And if you go down there / You better just beware Artist(s) Jim Croce
51%
Songs L.A. proved too much for the man / (Too much for the man, he couldn't make it) / So he's leaving a life he's come to know, ooh Song Midnight Train To Georgia
51%
Songs I'm comin' home, I've done my time / Now I've got to know what is and isn't mine / If you received my letter telling you I'd soon be free Artist(s) Tony Orlando & Dawn
51%
Songs L.A. proved too much for the man / (Too much for the man, he couldn't make it) / So he's leaving a life he's come to know, ooh Artist(s) Gladys Knight & The Pips
49%
Songs Ooga-chaka, ooga-ooga / Ooga-chaka, ooga-ooga / I can't stop this feeling / Deep inside of me / Girl, you just don't realize Artist(s) Blue Swede
46%
Songs Hey, did you happen to see the most beautiful girl in the world? / And if you did was she cryin', cryin'? Artist(s) Charlie Rich
42%
Songs Such a feelin's comin' over me / There is wonder in most every thing I see / Not a cloud in the sky, got the sun in my eyes Artist(s) The Carpenters
39%
Songs And when I go away / I know my heart can stay with my love / It's understood / It's in the hands of my love Song My Love
38%
Songs And when I go away / I know my heart can stay with my love / It's understood / It's in the hands of my love Artist(s) Paul McCartney & Wings
37%
Songs Such a feelin's comin' over me / There is wonder in most every thing I see / Not a cloud in the sky, got the sun in my eyes Song Top Of The World
37%
Songs Are you hanging up a stocking on your wall? / It's the time that every Santa has a ball / Does he ride a red-nosed reindeer? Artist(s) Slade
35%
Songs I've been really tryin', baby / Tryin' to hold back this feeling for so long / And if you feel, like I feel baby / Then come on, oh come on, ooh Artist(s) Marvin Gaye
34%
Songs I've been really tryin', baby / Tryin' to hold back this feeling for so long / And if you feel, like I feel baby / Then come on, oh come on, ooh Song Let's Get It On
32%
Songs Are you hanging up a stocking on your wall? / It's the time that every Santa has a ball / Does he ride a red-nosed reindeer? Song Merry Xmas Everybody
25%
Songs Wherever you go / Wherever you may wander in your life / Surely you know / I always wanna be there / Holding your hand Song Let Me Be There
23%
Songs Get down - get down / Get down - get down / Get down - get down / Get down - get down / Get down - get down / Aaaaaaah! Song Jungle Boogie
17%
Songs Get down - get down / Get down - get down / Get down - get down / Get down - get down / Get down - get down / Aaaaaaah! Artist(s) Kool & The Gang
17%
No matching quizzes found
Score Distribution
Percent of People with Each Score
Percentile by Number Answered
Your Score History
You have not taken this quiz